Historia del puente en España : puentes romanos / Carlos Fernández Casado puentes romanos / Carlos Fernández Casado
Publicado:
[Madrid] :
Instituto Eduardo Torroja de la Construcción y del Cemento : Consejo Superior de Investigaciones Científicas, [197 - ?]
Descripción Física:
[s.p.] : il ; 28 cm
Materias:
Ponts -- Espanya -- Història
MARC
| LEADER | 00000nam a2200000Ia 4500 | ||
|---|---|---|---|
| 001 | 19258 | ||
| 008 | 160829s9999 xx 000 0 cat d | ||
| 080 | |a H-3-17 | ||
| 100 | |a Fernández Casado, Carlos |9 43250 | ||
| 245 | |a Historia del puente en España : |b puentes romanos / Carlos Fernández Casado | ||
| 260 | |a [Madrid] : |b Instituto Eduardo Torroja de la Construcción y del Cemento : |b Consejo Superior de Investigaciones Científicas, [197 - ?] | ||
| 300 | |a [s.p.] : |b il ; |c 28 cm | ||
| 590 | |a Articles publicats a la Revista Informes de la Construcción del IETCC | ||
| 650 | |a Ponts |x Espanya |x Història |9 43251 | ||
| 710 | 2 | |a Consejo Superior de Investigaciones Científicas (CSIC) (Espanya) |9 53988 | |
| 901 | |a Arxiu | ||
| 942 | |n 1 | ||
| 952 | |0 0 |1 0 |4 0 |6 H317 |7 1 |9 51301 |a Arxiu |b Arxiu |d 2016-12-01 |l 0 |o H-3-17 |p 19258 |r 2016-12-01 00:00:00 |w 2016-12-01 |y ARXIU | ||
| 999 | |c 55145 |d 55145 | ||